Padre Nuestro: novela

Spremljeno u:
Bibliografski detalji
Glavni autor: Crespo, Octavio (Autor)
Format: Knjiga
Jezik:španjolski
Izdano: Santiago RIL 2009
Izdanje:1a. ed
Serija:Colección 80 Mundos, 8
Teme:
Oznake: Dodaj oznaku
Bez oznaka, Budi prvi tko označuje ovaj zapis!

MARC

LEADER 00000cam a2200000 a 4500
001 UCG8216
003 CL-VaPUC
008 111202e20090000CL |||||||||||||||||spa|d
020 |a 9789562847094 
082 0 4 |a Ch863  |b CRE  |2 21 
100 0 |a Crespo, Octavio  |e author  |9 559134 
245 1 0 |a Padre Nuestro: novela 
250 |a 1a. ed 
300 |a 233 p 
942 |c BK 
945 |d 20111202 00:00:00  |a cmena 
260 |a Santiago  |b RIL  |c 2009 
500 |a Esta es una novela de amor. De amor hacia un padre escritor, homosexual y suicida que deja a sus hijos un conjunto de textos que sirven para desnudar una familia contemporánea. A partir de allí, los hermanos -uno gay, el otro heterosexual- intentan un conocimiento mutuo que, más allá de sus profundas diferencias, los empuja hacia una noche que siempre se parece: alcohol, drogas y sexo marcan el transcurso de un aprendizaje sin fin. En el centro del conflicto, la figura del padre, sus parejas y la alucinante trama de su propio mito, marca las acciones de los protegonistas, en una búsqueda de la memoria pero también de la definición personal que siempre es dolorosa 
650 0 |a Novelas chilenas   |9 265425 
583 |a last modification  |c 20111202 14:14:00  |k Rodrigo Vera 
490 0 |a Colección 80 Mundos, 8 
999 |c 345836  |d 345834 
952 |0 0  |1 0  |4 0  |6 CH_863_000000000000000_CRE_2009  |7 0  |8 A  |9 446120  |a FDOPOS  |b FDOPOS  |d 2019-11-22  |i 4807979  |o Ch863 CRE 2009  |p 4807979  |r 2025-01-22  |w 2019-11-22  |y BK  |k DLH